00266nam a2200109Ia 4500008004100000100002600041245001600067260000900083300003200092440002400124650000800148180117s9999 xx 000 0 und d aby Sara Grace C Fojas aArt for All c2017 a22-25 pages, 2017 October 1 aPhilippine Panorama aART